<The> quality interview.
Návod na interview pracovníkov podniku, ktorým sa majú získať informácie na zlepšenie akosti produkcie v podniku. Príprava, metódy, konkrétne kroky.
Gespeichert in:
| 1. Verfasser: | |
|---|---|
| Weitere Verfasser: | |
| Format: | Buchkapitel |
| Sprache: | Englisch |
| Schlagworte: | |
| Tags: |
Keine Tags, Fügen Sie das erste Tag hinzu!
|
MARC
| LEADER | 00000naa a2200000 4500 | ||
|---|---|---|---|
| 001 | r005703 | ||
| 005 | 20221213084445.7 | ||
| 041 | 0 | |a eng | |
| 044 | |a US | ||
| 245 | 1 | 0 | |a <The> quality interview. |c D.M. Stowell, H. Scotti Smith |
| 520 | |a Návod na interview pracovníkov podniku, ktorým sa majú získať informácie na zlepšenie akosti produkcie v podniku. Príprava, metódy, konkrétne kroky. | ||
| 610 | 2 | 0 | |a kvalita výrobkov |
| 610 | 2 | 0 | |a pracovníci |
| 610 | 2 | 0 | |a podnik |
| 610 | 2 | 0 | |a stimulovanie |
| 610 | 2 | 0 | |a informácie |
| 610 | 2 | 0 | |a zber dát |
| 610 | 2 | 0 | |a získavanie informácií |
| 100 | 1 | |a Stowell, D.M. | |
| 700 | 1 | |a Scotti Smith, H. | |